Normal view
MARC view
- MAMLOUK,S.MICHAEL
Entry Personal Name
001 - CONTROL NUMBER
- control field: 109601
003 - CONTROL NUMBER IDENTIFIER
- control field: NUST
005 - DATE AND TIME OF LATEST TRANSACTION
- control field: 20230227133406.0
008 - FIXED-LENGTH DATA ELEMENTS
- fixed length control field: 230227|| aca||aabn | a|a d
040 ## - CATALOGING SOURCE
- Original cataloging agency: NUST
- Transcribing agency: NUST
100 ## - HEADING--PERSONAL NAME
- Personal name: MAMLOUK,S.MICHAEL
670 ## - SOURCE DATA FOUND
- Source citation: Work cat.: (NUST): MAMLOUK,S.MICHAEL., MATERIALS FOR CIVIL & CONSTRUCTION /, 2018.
